Letecká nákladní doprava

Preprava leteckých nákladov. Pravidlá pre leteckú prepravu. Termín Unit Load Devices (ULD's) je používaný pre označenie kompletnej kolekcie nakladacieho zariadenia umožňujúceho sústreďovanie leteckých zásielok v kontajneroch a na paletách. Chladiarenské zariadenia leteckej doprave. Využitie nákladov...

Celý popis

Uložené v:
Podrobná bibliografia
Hlavný autor: Šubert, Miroslav
Médium: Kapitola
Jazyk:Czech
Predmet:
Tagy: Pridať tag
Žiadne tagy, Buďte prvý, kto otaguje tento záznam!

MARC

LEADER 00000naa a2200000 4500
001 r030021
005 20230908093422.5
041 0 |a cze 
044 |a CZ 
245 1 0 |a Letecká nákladní doprava  |c Miroslav Šubert 
520 |a Preprava leteckých nákladov. Pravidlá pre leteckú prepravu. Termín Unit Load Devices (ULD's) je používaný pre označenie kompletnej kolekcie nakladacieho zariadenia umožňujúceho sústreďovanie leteckých zásielok v kontajneroch a na paletách. Chladiarenské zariadenia leteckej doprave. Využitie nákladového priestoru. Prepravná zmluva medzi odosielateľom a dopravcom - letecký nákladný list. 
610 2 0 |a doprava letecká nákladná 
610 2 0 |a doprava medzinárodná 
610 2 0 |a preprava 
610 2 0 |a lietadlá 
610 2 0 |a zasielatelia 
100 1 |a Šubert, Miroslav